[Event "36th Zalakaros Festival 2017"]
[Site "Zalakaros"]
[Date "2017.05.23"]
[Round "6"]
[White "Saptarshi, Roy"]
[Black "Erdos, Viktor"]
[Result "1/2-1/2"]
[WhiteElo "2407"]
[BlackElo "2614"]
[Annotator "TA"]
[PlyCount "75"]
[EventDate "2017.??.??"]
[EventType "swiss"]
[EventCountry "HUN"]
[SourceTitle "playchess.com"]
[Source "ChessBase"]
[SourceQuality "1"]

{[%evp 30,75,10,-20,-21,-14,-16,-18,-9,-33,-23,-23,-24,-29,-22,-25,0,0,0,0,0,0,0,0,0,0,0,-44,36,53,59,0,0,0,0,0,0,0,-4,-7,0,0,0,-8,0,0,0,-10]} 1. e4 e5 2. Nf3 Nc6 3. Bb5 a6 4. Ba4 Nf6 5. O-O Be7 6. Re1 b5 7. Bb3 d6 8. c3 O-O 9. d4 {[%cal Bd2d4,Bd4d5][%mdl 32]} Bg4 10. d5 Na5 11. Bc2 c6 12. h3 Bc8 13. dxc6 Qc7 14. Nbd2 {[%cal Bb1d2,Bd2f1,Bf1g3][%mdl 32]} Qxc6 15. Nf1 Be6 16. Ng3 Rfc8 {C91: Closed Ruy Lopez: 7...d6 8 c3 0-0 9 d4} (16... Rfe8 17. a4 h6 18. Nh4 d5 19. axb5 axb5 20. exd5 Bxd5 21. Rxe5 Bd6 22. Rxe8+ Rxe8 23. Ngf5 Bc7 24. Be3 {1-0 (42) Kamsky,G (2668)-Sundararajan,K (2422) Reykjavik 2017}) 17. Nh4 g6 $146 ({Predecessor:} 17... Nb7 18. Nhf5 Bd8 19. Bg5 g6 20. Ne3 a5 21. Qf3 Kg7 22. h4 h6 23. Bxf6+ Bxf6 24. h5 {0-1 (61) Fong,Y (2001)-Yee,S (2200) Bandar Seri Begawan 2012}) 18. Bg5 Nc4 19. Qf3 Kg7 20. Qe2 Nxb2 21. Nhf5+ $1 Bxf5 22. exf5 Qc4 23. Bxf6+ Bxf6 24. Be4 $36 {[%mdl 2048] Black is under pressure.} Qxe2 25. Rxe2 Na4 {aiming for ...Ra7.} 26. Bxa8 Rxa8 27. Rd2 Rd8 28. Ne4 {[#] And now Rad1 would win.} d5 (28... gxf5 $15 29. Nxf6 Kxf6) 29. Rad1 $14 {Strongly threatening fxg6.} Nb6 30. g4 ({Better is} 30. fxg6 $14 hxg6 31. f4 (31. Nxf6 Kxf6 32. f4 e4 $11)) 30... Be7 {The position is equal.} 31. Kg2 gxf5 32. gxf5 f6 33. Kh1 Kf7 34. Rd3 Ke8 35. Rg3 {next Rg8+ is good for White.} Kf7 36. Rgd3 Ke8 37. Rg3 {White wants to play Rg8+.} Kf7 38. Rgd3 {Precision: White = 83%, Black = 58%.} 1/2-1/2

[Event "36th Zalakaros Festival 2017"]
[Site "Zalakaros"]
[Date "2017.05.23"]
[Round "6"]
[White "Meszaros, Tamas"]
[Black "Stupak, Kirill"]
[Result "1/2-1/2"]
[WhiteElo "2401"]
[BlackElo "2560"]
[Annotator "TA"]
[PlyCount "155"]
[EventDate "2017.??.??"]
[EventType "swiss"]
[EventCountry "HUN"]
[SourceTitle "playchess.com"]
[Source "ChessBase"]
[SourceQuality "1"]

{[%evp 12,155,53,50,52,55,52,52,72,55,38,60,37,60,84,75,77,71,78,81,248,234,237,242,234,67,114,-23,0,-1,-7,0,22,22,17,21,15,-8,-14,-22,-13,-8,-7,-13,-12,-15,-4,-33,-31,-53,-62,-66,-8,-6,-10,-8,-5,-15,0,0,-1,-1,0,-13,-13,-16,-14,-28,-21,-129,-133,-192,-129,-142,-136,-127,-127,-133,-125,-137,-104,-115,-83,-197,-189,-197,-185,-193,-155,-186,-189,-178,-187,-566,-566,-559,-559,-559,-512,-456,-421,-425,-362,-265,-162,-162,-170,-191,-199,-265,-76,-76,-83,-83,-87,-94,-94,-127,-134,-134,-134,-134,0,0,0,0,0,0,0,0,0,0,0,0,0,0,0,0,0,0,0,0,0,0,0,0]} 1. e4 e6 2. d4 d5 3. Nd2 Nc6 4. Ngf3 Nf6 5. e5 Nd7 6. Bd3 f6 7. Ng5 Ndxe5 {C04: French Tarrasch: 3...Nc6} (7... fxg5 8. Qh5+ g6 9. Bxg6+ $1 {[%mdl 512]} hxg6 10. Qxg6+ Ke7 11. Ne4 $1 $16 {[%mdl 512]}) 8. dxe5 fxg5 9. Qh5+ g6 {[#]White is slightly better.} 10. Bxg6+ $1 {[%mdl 512]} Kd7 (10... hxg6 11. Qxh8) 11. c4 {And now cxd5 would win.} Nxe5 12. Bc2 Bd6 13. f4 $1 {[%cal Rf4e5]} (13. cxd5 $6 exd5 14. O-O h6 $11) (13. O-O c6 14. b4 Qe8 15. Qe2 {1-0 (42) Demchenko,A (2595)-Stupak,K (2531) St Petersburg 2015}) 13... Ng6 $146 ({Predecessor:} 13... gxf4 14. c5 Qe8 15. Qe2 {1-0 (40) Willemsma,A (2088)-Zaragatski,I (2469) Vlissingen 2011}) 14. f5 Nf4 15. fxe6+ Kc6 $2 (15... Kxe6 $16 16. Qf3 (16. cxd5+ Kd7 $14) 16... Qe7) 16. cxd5+ $18 Nxd5 17. Qe2 {Intending Ba4+ and mate.} a6 18. Nb3 $2 ({Weaker is} 18. Qc4+ Kb6 $16) (18. O-O $18) 18... Kb6 19. Qf2+ (19. Be3+ $16 Nxe3 20. Qxe3+ c5 21. O-O) 19... c5 $11 20. Bd2 $1 {[%cal Rd2a5]} Qe7 (20... Qf8 $5 {[%cal Rf8f2]} 21. O-O Bxe6 $11) 21. O-O-O Bxe6 (21... Rf8 $5 {[%cal Rf8f2]} 22. Qe2 Bxe6 $11) 22. Rhe1 Qf7 23. Qxf7 Bxf7 24. Be4 (24. Bxg5 $5 {[%cal Re1f1]} Rhf8 25. g3 $14 (25. Bxh7 Bxh2 26. Kb1 Rac8 $11)) 24... Rae8 25. Bxg5 h6 26. Bd2 $1 $132 {[%mdl 2048] White is fighting back} Bxh2 27. Rf1 Rxe4 28. Rxf7 Re7 29. Rf5 Re5 30. Rxe5 Bxe5 {[#]} 31. Bxh6 $1 {[%mdl 512]} Rxh6 (31... Nc3 $15 32. bxc3 Rxh6) 32. Rxd5 $15 {[%mdl 4096] Endgame KRB-KRN} Bd6 33. Nd2 Kc6 34. Rg5 Rf6 35. g3 Re6 36. Kc2 b5 37. Rg4 Re3 38. Rg6 Kd5 ({Don't blunder} 38... Rxg3 $2 39. Rxd6+ $1 {[%mdl 512]} Kxd6 40. Ne4+ Kc6 41. Nxg3 $18) 39. g4 c4 {Threatening ...Re2.} 40. a3 (40. Rg5+ $11 {keeps the balance.} Ke6 41. Rg6+ Ke5 42. Rg5+ Kf4 43. Rg6) 40... Re2 $17 41. Rg8 (41. Rg5+ $17 {was called for.} Kd4 42. Rg8) 41... Rg2 ({Black should play} 41... Bf4 $19 42. Rd8+ Kc6) 42. g5 Bf4 43. Rd8+ Kc6 44. g6 Rxg6 45. Rf8 Be3 {...Rg2 is the strong threat.} 46. Rf3 Bd4 47. Rf4 (47. b3 $17 {was the only chance.}) 47... Kd5 $19 48. Rf5+ {[#]} Ke6 $1 {[%cal Re6f5]} 49. Rf4 Ke5 50. Re4+ Kd5 51. Re2 Rg3 52. Ne4 $2 (52. Kb1) 52... Rb3 53. Nc3+ Bxc3 $1 54. bxc3 Rxa3 {Threatens to win with ...Ra2+. KR-KR} 55. Kb2 Rb3+ 56. Kc2 a5 57. Re8 Kc6 {White must now prevent ...b4.} 58. Re6+ Kc7 59. Re7+ Kd6 60. Re8 (60. Ra7 $142) 60... b4 $2 (60... Ra3 $19 {has better winning chances.} 61. Rb8 Kc5 62. Rc8+ Kb6 63. Rb8+ Kc6) 61. cxb4 $17 axb4 62. Rc8 Kd5 63. Rd8+ Ke4 64. Re8+ Kd4 65. Rd8+ Ke3 66. Re8+ Kf2 (66... Kf3 $17 67. Rb8 Ke4) 67. Re4 $1 $11 {The position is equal.} Rc3+ 68. Kb2 Kg3 69. Rd4 Kf2 {Strongly threatening ...Ke2.} 70. Re4 Kf3 71. Rh4 Ke2 {Hoping for ...Kd3.} (71... Ra3 $5 {[%cal Rc4c3]} 72. Rxc4 Kg3 $11) 72. Rh2+ Ke1 (72... Kd1 $5 73. Rh1+ $8 Kd2 74. Rh2+ Ke1 $11) 73. Rh1+ Kf2 74. Rh4 $1 Ke3 {aiming for ...Kd3.} 75. Rh3+ Kd4 (75... Kd2 $5 76. Rh2+ $8 Ke1 77. Rh1+ Ke2 78. Rh2+ Kd3 79. Rh3+ Kd4 80. Rxc3 bxc3+ 81. Kc2 Ke5 82. Kxc3 Kf6 $11) 76. Rxc3 bxc3+ 77. Kc2 Kc5 78. Kxc3 {Precision: White = 60%, Black = 60%.} 1/2-1/2

[Event "36th Zalakaros Festival 2017"]
[Site "Zalakaros"]
[Date "2017.05.23"]
[Round "6"]
[White "Almasi, Istvan"]
[Black "Aczel, Gergely"]
[Result "1/2-1/2"]
[WhiteElo "2398"]
[BlackElo "2546"]
[Annotator "TA"]
[PlyCount "40"]
[EventDate "2017.??.??"]
[EventType "swiss"]
[EventCountry "HUN"]
[SourceTitle "playchess.com"]
[Source "ChessBase"]
[SourceQuality "1"]

{[%evp 19,20,15,15]} 1. e4 c5 2. Nf3 e6 3. d4 cxd4 4. Nxd4 a6 5. Be2 Nf6 6. Nc3 d6 7. O-O Be7 8. f4 Qc7 9. Be3 O-O 10. a4 Nc6 {Predecessor:} 11. Kh1 $146 Re8 12. Bg1 Rb8 13. Qd3 e5 14. fxe5 dxe5 15. Qg3 Kh8 16. Rad1 Nxd4 17. Bxd4 Bb4 18. Rxf6 Bxc3 19. Bb6 Qe7 20. Rfd6 Bxb2 {½-½ (40) Movsesian,S (2673)-Navara,D (2725) Prague 2016} 1/2-1/2

[Event "36th Zalakaros Festival 2017"]
[Site "Zalakaros"]
[Date "2017.05.23"]
[Round "6"]
[White "Hnydiuk, Aleksander"]
[Black "Van Foreest, Lucas"]
[Result "0-1"]
[WhiteElo "2390"]
[BlackElo "2489"]
[Annotator "TA"]
[PlyCount "62"]
[EventDate "2017.??.??"]
[EventType "swiss"]
[EventCountry "HUN"]
[SourceTitle "playchess.com"]
[Source "ChessBase"]
[SourceQuality "1"]

{[%evp 22,62,10,10,17,24,21,1,54,49,54,33,44,35,55,14,19,-2,32,28,27,20,85,16,87,87,79,80,111,110,119,113,112,110,111,0,0,0,0,-900,-891,-970,-963]} 1. Nf3 Nf6 2. c4 e6 3. g3 b6 4. Bg2 Bb7 5. O-O Be7 6. Nc3 O-O 7. Re1 d5 8. cxd5 exd5 9. d4 Na6 10. Bf4 c5 11. dxc5 Nxc5 12. Rc1 Nfe4 {E17: Queen's Indian: 4 g3 Bb7 5 Bg2 Be7} 13. Be5 Re8 14. Nb5 {[#]} Qd7 $146 (14... f6 $11 15. Bf4 Ne6) ({Predecessor:} 14... Bf8 15. b4 Ne6 16. a3 a5 17. Qb3 axb4 18. axb4 Rc8 19. Nbd4 Nxd4 20. Bxd4 {½-½ (76) Bacrot,E (2692)-Anton Guijarro,D (2630) Monzon 2016}) 15. Nc7 $14 f6 16. Nxe8 fxe5 17. Nxg7 $1 Kxg7 18. Nxe5 Qf5 19. Nd3 Rf8 {[%cal Re4f2]} 20. Nf4 {Hoping for b4.} a5 21. e3 Bf6 (21... Kg8 $11) 22. Rc2 ({White should try} 22. f3 $1 $16 {[%cal Rf3e4]} Ng5 23. h4) 22... Kh8 {[#]} (22... Be5 $11 {remains equal.}) 23. f3 $1 $16 {[%cal Rf3e4,Bf2f3,Bf3f4][%mdl 32]} Ng5 {[%cal Be4g5,Bg5h3,Bh3f2,Bf2d3][%mdl 32]} 24. Rd2 Qe5 25. Nxd5 Bxd5 26. f4 {[#]} Bxg2 $1 {[%mdl 512]} 27. fxe5 (27. Rxg2 Nh3+) 27... Be4 {[#] Strongly threatening ...Nh3+.} 28. Rf2 ({Don't go for} 28. exf6 $2 Nh3+ 29. Kf1 Rxf6+ 30. Qf3 Rxf3+ $19) (28. Qg4 $1 $16 Nf3+ 29. Qxf3 Bxf3 30. exf6) 28... Nh3+ $40 {[%mdl 128] Black has some attack.} 29. Kf1 Nxf2 30. Qd6 $2 {[%mdl 8192]} (30. Kxf2 $11 Nd3+ 31. Kg1 Nxe1 32. exf6 Nf3+ 33. Kg2 Ng5+ 34. Kg1) 30... Bg7 $19 31. e6 Nfd3+ {Precision: White = 54%, Black = 46%.} 0-1

[Event "36th Zalakaros Festival 2017"]
[Site "Zalakaros"]
[Date "2017.05.23"]
[Round "6"]
[White "Hemant, Sharma"]
[Black "Czebe, Attila"]
[Result "1/2-1/2"]
[WhiteElo "2380"]
[BlackElo "2475"]
[Annotator "TA"]
[PlyCount "135"]
[EventDate "2017.??.??"]
[EventType "swiss"]
[EventCountry "HUN"]
[SourceTitle "playchess.com"]
[Source "ChessBase"]
[SourceQuality "1"]

{[%evp 14,135,42,32,77,76,61,70,104,107,106,72,82,37,64,27,45,27,47,24,25,0,44,0,0,0,0,0,98,0,0,0,0,0,0,0,0,-12,-9,-58,-11,-12,0,-99,-116,-110,0,0,0,0,50,0,0,0,0,-19,-21,-107,-107,-107,-107,-107,-99,-277,-15,-20,-13,-16,-12,-15,-15,-15,-15,-15,-15,-15,-15,-15,-15,-15,-15,-35,-35,-35,-35,-35,-15,-15,-15,-15,-15,-15,-15,-15,-15,-15,-15,-15,-15,-15,-15,-15,-15,-15,-15,-15,-15,-15,-15,-15,-15,-15,-15,-15,-15,-15,-15,-15,-12,-12,-12,-12,-12,-12]} 1. Nf3 b6 2. g3 Bb7 3. Bg2 g6 4. c4 c5 5. Nc3 Bg7 6. O-O Nc6 7. e3 Nh6 8. d4 O-O {A37: Symmetrical English vs ...g6: 4 Bg2 Bg7 5 Nf3} (8... Nf5 9. d5 Na5 10. Qd3 Nd6 11. Nd2 Ba6 12. b3 b5 13. cxb5 Nxb5 14. Nxb5 Bxa1 15. d6 O-O 16. Bxa8 Qxa8 17. dxe7 {1-0 (44) Agdestein,S (2602)-Pantsulaia,L (2607) Doha 2016}) 9. d5 $1 {[%cal Rd5c6]} Na5 $146 ({Predecessor:} 9... Ne5 10. Nxe5 Bxe5 11. f4 Bg7 12. e4 Bd4+ 13. Kh1 f5 14. e5 Bxc3 15. bxc3 Rb8 {½-½ (15) Zeuner,M (2148)-Duchrow,O Willingen 1999}) 10. Qd3 $1 Ba6 {White is slightly better.} 11. b3 e6 {With the idea ...exd5.} 12. Bb2 e5 13. Nd2 d6 14. a3 {Threatens to win with b4.} Bc8 15. Rae1 Bd7 16. f4 exf4 17. exf4 Re8 (17... Bf5 $5 {[%cal Rf5d3]} 18. Qf3 Bd4+ 19. Kh1 Bg4 $11) 18. Rxe8+ Qxe8 19. Nd1 Bf5 20. Be4 Bh3 (20... Bxb2 $11 21. Nxb2 Nxb3 22. Qxb3 Bxe4) 21. Bg2 (21. Bxg7 $16 Bxf1 22. Qc3) 21... Bxg2 $11 22. Kxg2 Bxb2 23. Nxb2 Qe7 24. Nd1 Re8 25. b4 Nb7 26. Nf2 cxb4 27. axb4 a5 28. bxa5 {[#]} (28. Ra1 $11 {remains equal.}) 28... Nc5 $1 $17 {[%cal Rc5d3]} 29. Qc3 Qe2 (29... bxa5 $17 {aiming for ...Qe2.} 30. Nf3 Qd8) 30. axb6 $11 Nf5 {Hoping for ...Ne3+.} 31. Kg1 h5 (31... Na4 $5 {[%cal Ra4c3]} 32. Qd3 Nxb6 $11) 32. Ra1 {Strongly threatening Nf1.} Kh7 33. b7 Nxb7 34. Nf1 (34. Nde4 $5 Rxe4 35. Nxe4 Qxe4 36. Re1 Qd4+ 37. Qxd4 Nxd4 38. Re7 $11) 34... Nc5 35. Nh3 {[#]} (35. Ra3 $1 $11) 35... Ne4 $1 $17 {[%cal Re4c3]} 36. Ng5+ Nxg5 37. fxg5 h4 38. gxh4 $2 (38. Rb1 $17) 38... Qg4+ $2 ({Black should try} 38... Nxh4 $19 {[%csl Gh4][%cal Re2g2]} 39. Qh3 Qxc4) 39. Ng3 $11 Nxh4 {White must now prevent ...Nf3+.} 40. Rf1 Nf5 41. Qf3 Qxg5 42. Qf4 Qxf4 43. Rxf4 Nxg3 44. hxg3 {[%mdl 4096] Endgame KR-KR} Kg7 45. Kf2 g5 46. Rg4 Kg6 47. c5 dxc5 {And now ...Rd8 would win.} 48. Rc4 Rc8 {...Kf5 is the strong threat.} 49. d6 Rd8 50. Rxc5 {The position is equal.} Rxd6 51. g4 Rd7 52. Kf3 f6 53. Rc6 Kf7 54. Ra6 Ke7 55. Ke4 $1 Rd6 56. Ra7+ Ke6 57. Ra4 Rb6 58. Ra3 Rb4+ 59. Kf3 Rf4+ 60. Kg3 Rd4 61. Re3+ Kd7 62. Kf3 Kd6 63. Kg3 Kc5 64. Rf3 Rd6 65. Rf5+ Kd4 66. Kf3 $1 Ra6 67. Kg3 $1 Ke4 68. Kg2 {Precision: White = 51%, Black = 65%.} 1/2-1/2

[Event "36th Zalakaros Festival 2017"]
[Site "Zalakaros"]
[Date "2017.05.23"]
[Round "6"]
[White "Kosakowski, Jakub"]
[Black "Pacan-Milej, Kosma"]
[Result "1/2-1/2"]
[WhiteElo "2369"]
[BlackElo "2317"]
[Annotator "TA"]
[PlyCount "81"]
[EventDate "2017.??.??"]
[EventType "swiss"]
[EventCountry "HUN"]
[SourceTitle "playchess.com"]
[Source "ChessBase"]
[SourceQuality "1"]

{[%evp 18,81,37,32,69,32,45,34,30,22,32,47,40,44,35,37,56,47,96,40,57,54,68,0,0,17,121,96,102,62,58,68,64,60,60,70,60,51,58,26,26,24,25,0,0,0,0,0,0,7,14,0,0,0,0,0,0,0,0,0,0,0,0,0,0,-8]} 1. e4 d6 2. d4 Nf6 3. Nc3 e5 4. Nf3 Nbd7 5. Bc4 Be7 6. a4 O-O 7. O-O a5 8. Re1 {C41: Philidor Defence} b6 9. b3 Bb7 10. Ba3 {LiveBook: 3 Games. White is slightly better.} h6 $146 ({Predecessor:} 10... Re8 11. h3 exd4 12. Qxd4 Ne5 13. Nxe5 dxe5 14. Qxd8 Raxd8 15. Bxe7 Rxe7 {½-½ (41) Navara,D (2742)-Jobava,B (2665) Baku 2016}) 11. dxe5 dxe5 12. Bxe7 Qxe7 13. Nh4 Rfd8 14. Qf3 Kh7 15. Nf5 Qf8 16. Rad1 $36 {[%mdl 2048] White has some pressure.} g6 17. Ne3 c6 18. Qh3 (18. Rd2 $16) 18... Nc5 19. Qh4 Kg7 20. f4 (20. Qg3 $14) 20... Rxd1 $1 $11 21. Rxd1 exf4 (21... Ncd7 $11 {remains equal.}) 22. Qxf4 {aiming for e5.} Re8 {[%cal Rc5e4]} 23. e5 Nh5 24. Qd4 Qe7 $1 {[%cal Re7e5]} 25. e6+ Nf6 26. Ng4 $1 {[#] Threatens to win with Rf1.} fxe6 {And now ...e5 would win.} 27. Ne5 $1 Kh7 28. Rf1 Rf8 29. Ne2 Nd5 30. Rxf8 Qxf8 {The position is equal.} 31. Bxd5 exd5 32. Nf4 Qf6 33. Nfxg6 Bc8 {...Bf5 is the strong threat.} 34. Nf4 (34. Nh4 {with more complications.} Nd7 35. Qd3+ Kh8 36. Nhg6+ Kg7 37. Qg3) 34... Bf5 35. Nf3 Qxd4+ 36. Nxd4 {KBN-KNN} Bd7 37. Kf2 Kg7 38. Ke3 (38. g4 $5) 38... Kf6 39. g3 Nb7 40. c3 (40. g4 $5) 40... Nd6 41. Nf3 {Precision: White = 63%, Black = 70%.} 1/2-1/2

[Event "36th Zalakaros Festival 2017"]
[Site "Zalakaros"]
[Date "2017.05.23"]
[Round "6"]
[White "Lazarne Vajda, Szidonia"]
[Black "Szabo, Marton Mihaly"]
[Result "1-0"]
[WhiteElo "2357"]
[BlackElo "2298"]
[Annotator "TA"]
[PlyCount "93"]
[EventDate "2017.??.??"]
[EventType "swiss"]
[EventCountry "HUN"]
[SourceTitle "playchess.com"]
[Source "ChessBase"]
[SourceQuality "1"]

{[%evp 26,93,8,-8,44,50,89,36,45,48,48,46,51,46,59,40,38,40,27,28,51,30,95,105,101,95,99,89,206,216,188,130,385,374,488,482,532,531,496,534,5481,5477,2387,1993,5418,497,513,506,2213,491,2206,1932,6394,6403,6383,6291,29943,6315,10331,6068,6370,6310,6307,6303,29974,29974,29978,29978,29978,29979]} 1. e4 c5 2. Nf3 e6 3. c3 d5 4. exd5 Qxd5 5. d4 Nf6 6. Bd3 Be7 7. O-O O-O 8. Be3 cxd4 9. cxd4 b6 10. Nc3 Qd8 11. Qe2 Bb7 12. Rad1 Nc6 13. a3 Rc8 14. Bb1 Qc7 {B22: Sicilian: 2 c3} (14... Nd5 $11) 15. Bg5 g6 $146 ({Predecessor:} 15... Rfe8 16. Rfe1 Qd8 17. Qe3 h6 18. Bxh6 Ng4 19. Qd3 Nxh6 20. Qh7+ Kf8 21. d5 Bd6 22. dxc6 Bxc6 {1-0 (22) Rabiega,R (2543)-Wittmann,W (2281) Austria 2008}) 16. h3 ({White should try} 16. Ba2 $16) 16... Nd5 {White is slightly better.} 17. Nxd5 exd5 18. Bh6 Rfe8 19. Rfe1 Qd7 {Threatens to win with ...Bb4.} 20. Qd2 Bf6 21. Qf4 Bg7 22. h4 Rxe1+ 23. Rxe1 Re8 (23... Bxh6 $11 24. Qxh6 Re8) 24. Rxe8+ $40 {[%mdl 128] White is out for blood.} Qxe8 25. Bxg7 Kxg7 {[#]} 26. h5 $1 h6 (26... Qe7 $16) 27. hxg6 $18 fxg6 28. Qd6 (28. b4 $18) 28... Qf7 $2 {[%mdl 8192] [#]} (28... Bc8 $16 {was worth a try.} 29. Qxd5 Qe6) 29. Ba2 $1 Ne7 30. Ne5 Qf6 31. Qc7 Bc8 32. Bxd5 Be6 33. Bxe6 Qxe6 34. d5 Qf6 35. Nc6 (35. f4 $142 {White wants to mate with d6.} Kf8 36. Nd7+ Kg7 37. Nxf6 Kxf6 38. Qd6+ Kf7 39. Qe6+ Kf8 40. d6) 35... Kf8 36. Qb8+ Kf7 (36... Kg7 $142 37. Qxa7 Kf8 38. Qa8+ Kg7) 37. Qxa7 (37. Nd8+ $142 Kg7 38. Ne6+ Qxe6 39. dxe6) 37... Qd6 (37... Kf8 $142 38. Qb8+ Kg7) 38. Kf1 Qc5 39. Qxe7+ Qxe7 40. Nxe7 Kxe7 {[%mdl 4096] Endgame KP-KP} 41. Ke2 (41. a4 $142 Kd6 42. f4 h5 43. Kf2 Kc5 44. Kg3 Kxd5 45. Kh4 Ke4 46. Kg5) 41... Kd6 42. Kd3 Kxd5 43. a4 h5 44. b4 {[%cal Bb2b4,Bb4a5][%mdl 32]} g5 45. a5 {White mates.} bxa5 46. bxa5 h4 47. f3 {Precision: White = 69%, Black = 17%.} 1-0

[Event "36th Zalakaros Festival 2017"]
[Site "Zalakaros"]
[Date "2017.05.23"]
[Round "6"]
[White "Del Rey, Diego"]
[Black "Horvath, Adam"]
[Result "1/2-1/2"]
[WhiteElo "2352"]
[BlackElo "2469"]
[Annotator "TA"]
[PlyCount "55"]
[EventDate "2017.??.??"]
[EventType "swiss"]
[EventCountry "HUN"]
[SourceTitle "playchess.com"]
[Source "ChessBase"]
[SourceQuality "1"]

{[%evp 12,55,16,22,59,6,20,11,22,16,168,158,177,123,144,121,123,115,109,115,187,129,152,152,134,135,152,145,141,109,129,128,130,122,110,64,79,33,75,53,48,38,40,20,23,21]} 1. d4 Nf6 2. Nf3 e6 3. g3 c5 4. Bg2 Nc6 5. O-O cxd4 6. Nxd4 Qb6 7. Nb3 Be7 {A46: 1 d4 Nf6 2 Nf3 e6: Torre, London and Colle Systems} (7... Ne5 8. Be3 Qc7 9. N1d2 h5 10. h4 Neg4 11. Bf4 e5 12. Bg5 Nh7 13. Nf3 a5 14. Qd3 d6 15. c4 {1-0 (37) Koneru,H (2607)-Zhao,X (2579) Tashkent 2013}) 8. c4 (8. e4 $14) 8... d6 9. Nc3 O-O {The position is equal.} 10. Bf4 a6 $2 {[#]} (10... e5 $11 11. Be3 Qa6) 11. Bxd6 $18 Rd8 12. c5 ({Better is} 12. Na4 $18 Qa7 13. Bxe7 (13. c5 e5 $16) 13... Rxd1 14. Rfxd1 (14. Raxd1 Nd7 $16)) 12... Qa7 $16 13. Ne4 Nxe4 14. Bxe4 Bxd6 15. cxd6 Bd7 $146 (15... Qb8 $16 {was worth a try.}) ({Predecessor:} 15... Ne5 16. Rc1 f5 17. Bxf5 {1-0 (36) Peng,Z (2431)-Stiri,A (2258) Dresden 2007}) 16. Qd3 ({White should play} 16. Rc1 $18) 16... h6 17. Rfd1 Rac8 18. Rac1 Nb4 19. Qd2 Rxc1 20. Nxc1 Qb6 21. Qd4 Qxd4 22. Rxd4 Nc6 23. Rd2 b6 24. Nb3 Be8 25. f4 a5 26. a3 Na7 27. Kf2 Nb5 28. d7 {Precision: White = 52%, Black = 48%.} 1/2-1/2

[Event "36th Zalakaros Festival 2017"]
[Site "Zalakaros"]
[Date "2017.05.23"]
[Round "6"]
[White "Ivic, Velimir"]
[Black "Nguyen, Piotr"]
[Result "1-0"]
[WhiteElo "2345"]
[BlackElo "2453"]
[Annotator "TA"]
[PlyCount "129"]
[EventDate "2017.??.??"]
[EventType "swiss"]
[EventCountry "HUN"]
[SourceTitle "playchess.com"]
[Source "ChessBase"]
[SourceQuality "1"]

{[%evp 18,129,42,24,40,45,58,49,55,57,67,37,93,0,89,-28,-33,-41,-37,-37,-40,-30,-33,-154,-126,-210,-81,-152,-131,-189,-176,-174,-185,-200,-126,-122,-114,-135,-97,-93,-89,-97,-51,-33,-38,-88,-98,-111,-111,-164,-149,-170,-108,-98,-60,-96,-60,-105,-92,-110,-21,-24,-10,-11,0,0,0,0,49,69,103,80,111,43,146,129,182,99,202,110,82,0,0,0,0,-19,-31,-40,0,-14,-11,0,14,0,12,0,0,0,597,479,572,527,817,783,12842,12843,12845,12846,12846,12847,12850,12849,12851,29986]} 1. e4 c5 2. Nf3 g6 3. d4 cxd4 4. Nxd4 Nc6 5. c4 Nf6 6. Nc3 d6 7. Be2 Nxd4 8. Qxd4 Bg7 9. O-O O-O 10. Qd3 {LiveBook: 122 Games. B36: Sicilian: Maroczy Bind: Gurgenidze System} a5 (10... Bd7 11. Be3 Bc6 12. f3 a5 13. b3 Nd7 14. Rab1 Nc5 15. Qd2 Be5 16. Bd4 Bxd4+ 17. Qxd4 Qb6 18. Kh1 Qb4 19. Rfd1 Rfc8 20. e5 dxe5 21. Qxe5 Rd8 22. Nd5 Bxd5 23. cxd5 {0-1 (50) Kryvoruchko,Y (2707)-Iturrizaga Bonelli,E (2653) Dubai 2014}) 11. Be3 a4 12. Bd4 $146 {White is slightly better.} ({Predecessor:} 12. Rab1 Qa5 13. Bd4 Be6 14. Nd5 Nxd5 15. cxd5 Bxd4 16. Qxd4 Bd7 17. Rfc1 Rfc8 {½-½ (26) Szadkowski,K (2223)-Sopur,L (2398) Zgierz 2017}) 12... Be6 13. f4 Qa5 14. Rab1 Bd7 (14... Bg4 $14) 15. e5 ({White should try} 15. b3 $16) 15... Bf5 (15... dxe5 $1 $11 16. fxe5 Ng4) 16. exf6 (16. Qe3 $1 $16 dxe5 17. fxe5) 16... Bxd3 $11 17. fxg7 Bxb1 18. gxf8=Q+ Kxf8 19. Rxb1 Qf5 20. Be3 ({White should play} 20. a3 $15) 20... Qc2 $1 $17 21. a3 (21. Kf1 $17 {was worth a try.}) 21... Rc8 (21... b5 $1 $19 {[%cal Rb5b4]} 22. Bf3 (22. cxb5 $2 Rc8 $19) 22... Rc8) 22. Bd1 (22. Bf1 $142) 22... Qd3 23. Kf2 (23. Bf2 $17) 23... Rxc4 $19 24. Rc1 Qf5 $1 25. Bxa4 Rxf4+ 26. Kg1 Rh4 27. h3 g5 28. Bc2 Qa5 29. Bf2 Rh6 30. Rd1 Qe5 31. Bd4 Qe6 $1 32. Rf1 Qc4 33. Be3 (33. Rd1 $17) 33... Re6 34. Bf2 d5 (34... g4 $1 $19 {[%cal Rg4h3]} 35. hxg4 Rh6) 35. Rd1 $17 g4 36. hxg4 Qxg4 37. Rxd5 Qf4 38. Rd1 Rh6 (38... Rd6 $17 39. Bd3 b6) 39. Be4 $1 $11 Qh2+ 40. Kf1 Rd6 41. Bxb7 Qh1+ 42. Ke2 Re6+ 43. Be3 Qh6 44. Be4 Qh4 45. Bf3 (45. Bd5 $16) 45... f5 (45... Qc4+ $1 $14 46. Kf2 Qh4+ 47. Ke2 Qc4+ 48. Kf2 Qh4+ 49. Ke2) 46. Rd8+ $16 Kg7 {[#]} 47. Kd2 (47. Bd5 $1 $18 {[%cal Rd5e6]} f4 48. Bxe6 fxe3 49. Kd3) 47... Qg3 (47... Rxe3 $16 {was called for.} 48. Kxe3 e5 49. Rd7+ Kh6) 48. Ne2 (48. Bc5 $18) 48... Qc7 {[#]} 49. Rd5 ({Better is} 49. Rd3 $1 $16) 49... Rd6 $11 {aiming for ...Rxd5+.} 50. Bd4+ Kh6 $1 {Hoping for ...Rxd5.} 51. Nc3 ({Of course not} 51. Rxf5 e5 $17) 51... Rxd5 $1 52. Nxd5 (52. Bxd5 $2 {loses.} Qd6 $19) 52... Qd6 $1 {And now ...e6 would win.} 53. Kc2 e5 54. Be3+ Kg6 55. b4 Qa6 56. Nc3 $1 {Black must now prevent a4.} Qxa3 57. b5 Qb4 $2 {[%mdl 8192]} (57... e4 $11 {and Black stays safe.} 58. Be2 Qd6) 58. Bc6 {White is clearly winning.} Kh5 59. b6 {Strongly threatening b7.} e4 {If only Black now had time for ...f4....} 60. b7 Kg4 61. Ba7 Kg3 62. b8=Q+ Qxb8 63. Bxb8+ Kxg2 64. Nxe4 {White threatens Ng5+ and mate.} fxe4 65. Bxe4+ {Precision: White = 41%, Black = 36%.} 1-0